00494nam a2200145Ia 4500082002100000245006400021260002900085300000800114650002700122650003200149650004300181650004400224650004400268710003600312 aRR 923.254 IND-M 0aM.L. Sondhi on Tibet as the fulcrum of an Asian Peace Order aNew Delhibthe authorc0 a100 aSondhi, M.LvBiography aSondhi, M.vViews on Tibet  aTibet (ChinavForeign relationsvIndia aIndiavForeign relationsvChinavTibet  aTibet vPolitics and governmentz1951-  aIndia Tibet Coordination Office